|
|
|
|
| LEADER |
00000nam a2200000 a 4500 |
| 001 |
vtls009491405 |
| 003 |
SK-MaSNL |
| 005 |
20260301171238.0 |
| 008 |
151112s2009 xo dl d p 000 0 slo |
| 015 |
|
|
|a SNBA2009/06-02879
|
| 020 |
|
|
|a 9788022526739
|q (brož.)
|
| 035 |
|
|
|a 5D1B09CE-54DF-40C5-A5B5-FDC988C20811
|
| 035 |
|
|
|a urn:nbn:sk:snk-amjvzw
|
| 035 |
|
|
|a urn:nbn:sk:snk-am0084mw
|
| 040 |
|
|
|a SNK
|b slo
|c SNK
|e AACR2
|
| 041 |
0 |
|
|a slo
|
| 044 |
|
|
|a xo
|c SK
|
| 072 |
|
7 |
|a 338.3/.4
|x Hospodárske a výrobné odvetvia
|2 konspekt
|
| 080 |
|
|
|a 338.46
|2 2001
|
| 080 |
|
|
|a (075.8)
|2 2001
|
| 100 |
1 |
|
|a Benešová, Dana,
|d 1958-
|4 aut
|9 216630
|
| 245 |
1 |
0 |
|a Služby - prípadové štúdie
|c Dana Benešová, Viera Kubičková
|
| 250 |
|
|
|a 1. vyd.
|
| 260 |
|
|
|a Bratislava
|b Vydavateľstvo Ekonóm
|c 2009
|
| 300 |
|
|
|a 176 s.
|b grafy, sch., tab.
|c 29 cm
|
| 366 |
|
|
|e 300 výt.
|
| 504 |
|
|
|a Bibliogr. odkazy
|
| 650 |
0 |
7 |
|a služby
|2 SNKPH
|9 2356
|
| 650 |
0 |
7 |
|a Service industries
|2 SNKPHeng
|9 317982
|
| 655 |
|
7 |
|a učebnice vysokých škôl
|2 SNKPH
|9 70191
|
| 655 |
|
7 |
|a Textbooks (higher)
|2 SNKPHeng
|9 276436
|
| 700 |
1 |
|
|a Kubičková, Viera,
|d 1970-
|4 aut
|9 216661
|
| 919 |
|
|
|a 978-80-225-2673-9
|
| 958 |
|
|
|a NB
|
| 968 |
|
|
|d 33
|
| 999 |
|
|
|c 830207
|d 832137
|
| 952 |
|
|
|a SNK
|b SNK
|y PREZ
|7 0
|p 17A0619074
|o snkSB 77579
|i snk2009/7008
|8 0
|0 0
|1 0
|4 0
|d 2009-04-09
|f 1
|l 0
|r 2025-04-28 00:00:00
|w 2026-02-24
|
| 952 |
|
|
|a SNK
|b SNK
|y VYP
|7 0
|p 17A0619034
|o snkSB 77579 D1
|i snk2009/7009
|8 0
|0 0
|1 0
|4 0
|d 2009-04-09
|l 0
|r 2016-06-30 00:00:00
|w 2026-02-24
|